01017cam a2200277 a 450000100100000000500170001000800410002702000150006804000200008308200170010310000390012024500920015926000300025130000210028149000390030250000320034165000290037365000310040265000430043370000460047683000470052291000280056991000070059795201200060499900150072400000980820200929161719.0791204s1989 sp 000 p spa d a8420617121 aDO-SdBNPcBNPHU a861.6bA454a1 aAlonso, Dámaso,d1898-19909876910aAntología poética /cDámaso Alonso ; selección y prólogo de Philip W. Silver. aMadrid :bAlianza,c1989. a167 p. ;c18 cm.1 aLibro de bolsillo. Literaturav712 aPrimera reimpresión, 1989 4aPoesía española9631 4aLiteratura española9632 4aPoesía españolaxColecciones933951 aSilver, Philip W.,d1932-epról.924712 3aLibro de bolsillo.pLiteratura;v71299889 aCatalogación derivada aWM 001054708MOaGRbGRcHDd2009-10-01iLF1l0o861.6 A454ap9808-10r2020-06-25w2020-06-25y4ZPréstamo en sala c9567d9567